| 000 | 00394nam a2200169Ia 4500 | ||
|---|---|---|---|
| 005 | 20250423100215.0 | ||
| 008 | 250422s9999 xx 000 0 und d | ||
| 020 | _a07645-00848 | ||
| 050 | _aHD 69 .P75 D677/ | ||
| 100 | _aDoucette, Martin | ||
| 245 | 0 | _aMicrosoft project for dummies | |
| 260 | _aFoster City | ||
| 260 | _bIDG books | ||
| 260 | _c1997 | ||
| 300 | _a318 p | ||
| 942 | _cBK | ||
| 999 |
_c32605 _d32605 |
||